| 000 | 00635nam a22001697a 4500 | ||
|---|---|---|---|
| 003 | MACL | ||
| 005 | 20160719133634.0 | ||
| 008 | 160719b xxu||||| |||| 00| 0 eng d | ||
| 040 | _cMACL | ||
| 041 | _aHindi | ||
| 082 | _a900 | ||
| 100 |
_aसवाईका, अत्रपूर्णा _964716 |
||
| 245 |
_aउत्तर भारत में मध्यप्रस्तरीयकरण का विकास _cअत्रपूर्णा सवार्इका |
||
| 260 |
_aवाराणसी _bकला प्रकाशन _c2012 |
||
| 650 |
_aइतिहास _964717 |
||
| 942 |
_2ddc _cHIN |
||
| 999 |
_c54448 _d54448 |
||